|
|
|
|
| LEADER |
00000nab a2200000 a 4500 |
| 001 |
vtls000190562 |
| 003 |
SK-MaSNL |
| 005 |
20260303234757.0 |
| 008 |
111103c1984 xo 0 slo |
| 015 |
|
|
|a SNBRA19rr/mm-uuuuu
|
| 035 |
|
|
|a CL0200675
|
| 040 |
|
|
|a SNKBUCL
|b slo
|c SNKBUCL
|e AACR2
|
| 041 |
0 |
|
|a slo
|
| 044 |
|
|
|a xo
|c SK
|
| 080 |
|
|
|a 629.11-592
|2 1981
|
| 100 |
1 |
|
|a Ivánek, Peter
|4 aut
|9 416068
|
| 245 |
1 |
0 |
|a Príspevok k niektorým otázkam brzdenia motorových vozidiel
|c Peter Ivánek, Gustáv Kasanický
|
| 300 |
|
|
|b Obr. 5. Tb. 2. Schéma 1. Graf 1.
|
| 650 |
0 |
7 |
|a motorové vozidlá
|2 snkbucl
|9 1587
|
| 650 |
0 |
7 |
|a brzdenie
|2 snkbucl
|9 283696
|
| 655 |
|
7 |
|a články zo zborníkov
|2 snkbucl
|9 166140
|
| 700 |
1 |
|
|a Kasanický, Gustáv
|4 aut
|9 8041
|
| 773 |
0 |
|
|t Seminár súdnych znalcov z odboru cestnej a mestskej dopravy
|d Žilina : Dom techniky ČSVTS, 1984
|g S. 74-86
|
| 850 |
|
|
|a Slovenská národná knižnica v Martine
|a MTA001
|
| 852 |
|
|
|a SNK
|b KIS3GCP
|
| 958 |
|
|
|a RK
|
| 992 |
|
|
|a RZB
|
| 999 |
|
|
|c 2522621
|d 2524551
|